| 000 | 00453nam a22001577a 4500 | ||
|---|---|---|---|
| 005 | 20250308163041.0 | ||
| 008 | 250308b |||||||| |||| 00| 0 eng d | ||
| 020 | _a9780198745204 | ||
| 050 |
_aKD7869 _b.A5 2016 |
||
| 100 | _aAllen, Micha | ||
| 245 |
_aConcentrate Q & A Criminal Law _cAllen, Micha |
||
| 260 |
_aOxford ; _bOxford University Press, _cc2016 |
||
| 300 | _axiv, 219 p. ; | ||
| 500 | _aContains Table of Statutes, index | ||
| 942 |
_2lcc _cBK _n0 |
||
| 999 |
_c4603 _d4603 |
||